[Event "BRA-ch Amateur U1600"]
[Site "Sao Paulo"]
[Date "2022.06.18"]
[Round "5"]
[White "Camargo, Benjamin Santinello"]
[Black "Ferreira, Wagner Maria Gangin"]
[Result "0-1"]
[WhiteElo "1789"]
[BlackElo "1180"]
[PlyCount "62"]
[EventDate "2022.06.16"]
[EventType "swiss"]
[EventRounds "7"]
[EventCountry "BRA"]
[SourceTitle "CBM 208 Extra"]
[Source "ChessBase"]
[SourceDate "2022.07.31"]
[SourceVersion "1"]
[SourceVersionDate "2022.07.31"]
[SourceQuality "1"]

1. e4 d5 2. exd5 Nf6 3. Nf3 Nxd5 4. Bc4 Nc6 5. Bxd5 Qxd5 6. Nc3 Qd8 7. 0-0 e5 8. Re1 Bd6 9. d4 0-0 10. dxe5 Bc5 11. Qxd8 Rxd8 12. Be3 Bxe3 13. Rxe3 h6 14. Ne2 Bg4 15. Ng3 Bxf3 16. gxf3 Nd4 17. Rc3 c6 18. Kg2 Ne6 19. Ne4 Rd5 20. Nd6 Rxe5 21. Nxb7 Rg5+ 22. Kf1 Rh5 23. Rxc6 Rxh2 24. Kg1 Rh3 25. Rc3 Nf4 26. Re1 Rb8 27. Rb3 Rc8 28. Re4 Rxc2 29. Rxf4 Rc1+ 30. Kg2 Rhh1 31. Rxf7 Rcg1# 0-1